| 000 | 005020000a22001690004500 | ||
|---|---|---|---|
| 090 |
_aAR _b00991 |
||
| 245 | 1 | 0 | _aDiversity in terrestrial cave communities |
| 650 | 1 | 4 |
_aArtrópodos _92658 |
| 650 | 1 | 4 |
_aCavernas _993465 |
| 650 | 1 | 4 |
_aDiversidad de especies _953643 |
| 651 | 4 |
_lCueva de Flint Ridge _dKentucky _pEstados Unidos _992749 |
|
| 041 | 0 | _aInglés | |
| 700 | 1 |
_aCulver, David C. _994183 |
|
| 100 | 1 |
_aPoulson, Thomas L. _994182 |
|
| 942 | _cARTICULO | ||
| 773 | 1 |
_tEcology _357 _h1 _q153-157 _d1969 _g50 |
|
| 999 |
_c10079 _d10079 |
||